000 00307nam a22001337a 4500
008 170630b xxu||||| |||| 00| 0 eng d
020 _a9780393977608
041 _aeng
080 _a82
100 _a22
101 _aGJL
245 _aWORLD LITERATURE THE TWENTIETH CENTURY
_cLAWAL.S
942 _2udc
_cBK
999 _c19754
_d19754